000 00302nam a22001337a 4500
008 170502b xxu||||| |||| 00| 0 eng d
020 _a9780137145539
041 _aeng
080 _28 ED
_a343.9
100 _a13
101 _aSHJ
245 _aCRIMINAL JUSTICE
_cSCHMALLEGER.F
942 _2udc
_cBK
999 _c12380
_d12380